000 01725nam0a2200409 4500
001 14071
003 http://www.sudoc.fr/293705917
005 20260410152826.0
010 _a9782807104501
035 _a(OCoLC)1573019883
073 0 _a9782807104501
090 _a14071
099 _o0
100 _a20260213d2025 k y0frey50 ba
101 0 _afre
102 _aBE
105 _ay ||||100by
181 _6z01
_ctxt
_2rdacontent
181 1 _6z01
_ai#
_bxxxe##
182 _6z01
_cn
_2rdamedia
182 1 _6z01
_an
183 1 _6z01
_anga
_2RDAfrCarrier
200 1 _aCette peau là
_bLIVR
214 0 _cLansman éditeur
_d2025
214 0 _aCarnières-Morlanwelz (Belgique)
215 _a1 volume (42 pages)
215 _d21 cm
225 2 _aThéâtre à vif
_v548
323 _a6 personnages
330 _aSur la table d'opération, tout revient à Zélie. L'été, le bruit des vagues, le goût de la mer. L'adolescence aussi, ces jours brûlants où elle a choisi son prénom et décidé de partir de chez ses parents pour entamer sa transition. Aujourd'hui, elle recolle les morceaux, d'elle hier et d'elle maintenant, d'elle réelle et d'elle potentielle, d'elle pour les autres et des autres en elle. Elle navigue parmi les fantômes et, pour ne pas être engloutie par les flots en furie, elle s'accroche à ce qu'elle a de plus clair, de plus certain, de plus palpable : son propre corps.
410 _0013851098
410 _tThéâtre à Vif
_x0777-6756
_v548
608 _3027814157
_aThéâtre (genre littéraire) français
_3050665391
_zXXIe siècle
_2rameau
610 _aTransidentité
_algbtqia
700 1 _aFerron
_bPomme
_f1995-....
700 1 _3292996608
_4070
801 3 _aFR
_bAbes
_c20260213
_gAFNOR